Miasta Aglomeracji Wałbrzyskiej. - Statystyki

Ogólne statystyki
  • Ten quiz został rozwiązany 90 razy
  • Średni wynik to 6 z 11
Statystyki odpowiedzi
Ludność Miasto % Poprawnych
110 603 Wałbrzych
100%
5 569 Szczawno-Zdrój
73%
22 744 Świebodzice
69%
15 310 Boguszów-Gorce
61%
4 820 Jedlina-Zdrój
58%
18 046 Kamienna Góra
50%
6 335 Głuszyca
48%
4 045 Mieroszów
46%
21 908 Nowa Ruda
36%
5 989 Lubawka
25%
2 413 Radków
14%
Nie znaleziono quizów pasujących do podanych kryteriów
Rozkład punktacji
Procent ludzi z każdym wynikiem
Percentyl według liczby udzielonych odpowiedzi
Twoja historia wyników
Nie rozwiązałeś tego quizu